<?xml version="1.0" encoding="UTF-8"?><?xml-stylesheet type="text/xsl" href="static/style.xsl"?><OAI-PMH xmlns="http://www.openarchives.org/OAI/2.0/" xmlns:xsi="http://www.w3.org/2001/XMLSchema-instance" xsi:schemaLocation="http://www.openarchives.org/OAI/2.0/ http://www.openarchives.org/OAI/2.0/OAI-PMH.xsd"><responseDate>2026-04-17T21:38:20Z</responseDate><request verb="GetRecord" identifier="oai:www.recercat.cat:2072/359772" metadataPrefix="marc">https://recercat.cat/oai/request</request><GetRecord><record><header><identifier>oai:recercat.cat:2072/359772</identifier><datestamp>2024-12-20T17:15:03Z</datestamp><setSpec>com_2072_300912</setSpec><setSpec>com_2072_4427</setSpec><setSpec>col_2072_301309</setSpec></header><metadata><record xmlns="http://www.loc.gov/MARC21/slim" xmlns:dcterms="http://purl.org/dc/terms/" xmlns:xsi="http://www.w3.org/2001/XMLSchema-instance" xmlns:doc="http://www.lyncode.com/xoai" xsi:schemaLocation="http://www.loc.gov/MARC21/slim http://www.loc.gov/standards/marcxml/schema/MARC21slim.xsd">
   <leader>00925njm 22002777a 4500</leader>
   <datafield ind2=" " ind1=" " tag="042">
      <subfield code="a">dc</subfield>
   </datafield>
   <datafield ind2=" " ind1=" " tag="720">
      <subfield code="a">Rellán-Piñeiro, Marcos</subfield>
      <subfield code="e">author</subfield>
   </datafield>
   <datafield ind2=" " ind1=" " tag="720">
      <subfield code="a">López, Núria</subfield>
      <subfield code="e">author</subfield>
   </datafield>
   <datafield ind2=" " ind1=" " tag="260">
      <subfield code="c">2018-04-27</subfield>
   </datafield>
   <datafield ind2=" " ind1=" " tag="520">
      <subfield code="a">Molybdenum oxides are finding increasing applications that rely on their
redox character. For the most common polymorph, α-MoO3, oxygen vacancy formation
leaves two electrons on the surface that can be stored as small polarons. Detailed density
functional theory calculations that properly account for the self-interaction term, Ueff = 3.5
eV, show that the vacancy generates two different configurations: either two Mo5+ centers
(Mo5+□ and Mo5+O) or a single double-reduced Mo4+. These states are separated by
0.22 eV with a barrier for interconversion of 0.33 eV, and thus both are populated at
catalytic temperatures, as shown by first-principles molecular dynamics. At higher
reduction levels, vacancies can only be accumulated along a preferential direction and the
energy difference between the 2×Mo5+ and Mo4+ configurations is reduced. These results
point out the need for a revision of the experimental assignments based on our
characterization that includes charges, vibrational frequencies, and XPS signatures</subfield>
   </datafield>
   <datafield ind1="8" ind2=" " tag="024">
      <subfield code="a">http://hdl.handle.net/2072/359772</subfield>
   </datafield>
   <datafield ind1="8" ind2=" " tag="024">
      <subfield code="a">https://doi.org/10.1021/acs.jpclett.8b00536</subfield>
   </datafield>
   <datafield ind2="0" ind1="0" tag="245">
      <subfield code="a">One Oxygen Vacancy, Two Charge States: Characterization of Reduced α‑MoO3(010) through Theoretical Methods</subfield>
   </datafield>
</record></metadata></record></GetRecord></OAI-PMH>